Literature

This book offers a wide variety of interesting and practical ideas for using literature in the language classroom

Сохранить в:
Библиографические подробности
Главный автор: Duff, Alan
Формат:
Язык:Undetermined
Опубликовано: Oxford Oxford University Press 1992
Предметы:
Метки: Добавить метку
Нет меток, Требуется 1-ая метка записи!
Thư viện lưu trữ: Trung tâm Học liệu Trường Đại học Cần Thơ
LEADER 00640nam a2200205Ia 4500
001 CTU_29138
008 210402s9999 xx 000 0 und d
082 |a 428.24 
082 |b D855 
100 |a Duff, Alan 
245 0 |a Literature 
245 0 |c Alan Duff, Alan Maley 
260 |a Oxford 
260 |b Oxford University Press 
260 |c 1992 
520 |a This book offers a wide variety of interesting and practical ideas for using literature in the language classroom 
650 |a English language,English language 
650 |x Study and teaching 
904 |i Minh 
980 |a Trung tâm Học liệu Trường Đại học Cần Thơ